banner-ar

نصوص و وثائق تاريخية : (Record no. 60710)

MARC details
000 -الفاتح
حقل البيانات ثابتة الطول 01184nam a22002537a 4500
005 - وقت وتاريخ اخر تعامل مع التسجيلة
رقم الضبط 20240530110424.0
008 - عناصر البيانات ثابتة الطول - معلومات عامة
حقل البيانات ثابتة الطول 150128s2008 ua g 000 0 ara d
040 ## - مصدر الفهرسة
وكالة الفهرسة الأصلية EG-CaGPL
041 0# - رمز اللغة
رمز لغة النص/ المسارات الصوتية أو العنوان الانفرادي ara
082 04 - رقم تصنيف ديوى العشرى
رقم الطبعة 21
رقم التصنيف 953.105\
رقم المادة ج ن
100 0# - المدخل الرئيسى - إسم شخصى
الإسم الشخصى جمال محمود حجر
245 10 - بيان العنوان
العنوان نصوص و وثائق تاريخية :
بقية العنوان المشرق الاسلامى فى استراتيجية الدعاية السوفيتية 1917 - 1938 /
بيان المسئوليه,etc جمال محمود حجر
260 ## - PUBLICATION, DISTRIBUTION, ETC. (IMPRINT)
تاريخ النشر أو التوزيع 2002
300 ## - الوصف المادى
التعداد متعدد ؛
أبعاد الوعاء 24 سم
650 04 - المدخل الاضافى بالموضوع-مصطلح موضوعى
مصطلح موضوعي الوثائق التاريخية
651 04 - المدخل الاضافى بالموضوع - اسم جغرافى
الاسم الجغرافي بريطانيا
التقسيم الفرعي العام العلاقات الخارجية
التقسيم الفرعي الجغرافي روسيا
651 04 - المدخل الاضافى بالموضوع - اسم جغرافى
الاسم الجغرافي بريطانيا
التقسيم الفرعي العام العلاقات الخارجية
التقسيم الفرعي الجغرافي السعودية
651 04 - المدخل الاضافى بالموضوع - اسم جغرافى
الاسم الجغرافي السعودية
التقسيم الفرعي العام تاريخ
التقسيم الفرعي الزمني العصر الحديث
-- حكم الملك عبدالعزيز السعود
651 04 - المدخل الاضافى بالموضوع - اسم جغرافى
الاسم الجغرافي بريطانيا
التقسيم الفرعي العام السياسة الخارجية
651 04 - المدخل الاضافى بالموضوع - اسم جغرافى
الاسم الجغرافي روسيا
التقسيم الفرعي العام السياسة الخارجية
651 04 - المدخل الاضافى بالموضوع - اسم جغرافى
الاسم الجغرافي السعودية
التقسيم الفرعي العام السياسة الخارجية
942 ## - عناصر المدخل الإضافي( كوها)
مصدر التصنيف او مخطط الترفيف Dewey Decimal Classification
Koha [default] item type كتاب
260 ## - PUBLICATION, DISTRIBUTION, ETC. (IMPRINT)
-- الاسكندرية :
-- دار المعرفة الجامعية ،
Holdings
حالة التراجع حالة الفقد حالة تلف ليس للاعارة المكان المؤقت الموقع الحالى تاريخ الاكتساب اجمالي اﻻعارات رقم الطلب الباركود تاريخ اخر مشاهدة تاريخ تفعيل السعر نوع وعاء كوها
        مكتبة القاهرة الكبرى مكتبة القاهرة الكبرى 03/18/2015   953.105\ ج ن 159812 03/18/2015 03/18/2015 كتاب

Powered By

EGPV